LIBRARY & INFORMATION CENTRE, KCAET, TAVANUR

ONLINE PUBLIC ACCESS CATALOGUE (OPAC)

Mechanical estimating and costing / (Record no. 2547)

MARC details
000 -LEADER
fixed length control field 00528cam a2200205ua 4500
041 ## - LANGUAGE CODE
Language code of text/sound track or separate title eng
082 ## - DEWEY DECIMAL CLASSIFICATION NUMBER
Classification number 621.1
Item number KAN/ME
100 ## - MAIN ENTRY--AUTHOR NAME
Personal name Kannappan, D .
245 ## - TITLE STATEMENT
Title Mechanical estimating and costing /
250 ## - EDITION STATEMENT
Edition statement 1 /
260 ## - PUBLICATION, DISTRIBUTION, ETC. (IMPRINT)
Place of publication New Delhi :
Name of publisher Tata Mc-Graw Hill Publishing Company ,
Year of publication 1985.
300 ## - PHYSICAL DESCRIPTION
Number of Pages 160 ; .
700 1# - ADDED ENTRY--PERSONAL NAME
Personal name Augustine, A.G .
700 1# - ADDED ENTRY--PERSONAL NAME
Personal name Paranthman, D .
942 ## - ADDED ENTRY ELEMENTS (KOHA)
Koha item type Books
Holdings
Withdrawn status Lost status Damaged status Home library Current library Date acquired Source of acquisition Cost, normal purchase price Full call number Accession Number Koha item type
      KAUAET KAUAET 12/02/1986 Standard Book House, Thrissur. 18.00 621.1 KAN/ME 14891 Books
Withdrawn     KAUAET KAUAET 10/01/2025 Standard Book House, Thrissur. 18.00 621.1 KAN/ME 14890 Books
free website counter